000 00713nam a2200253Ia 4500
003 OSt
005 20220925222919.0
006 a|||||r|||| 00| 0
007 ta
008 220923b |||||||| |||| 00| 0 eng d
020 _a0704322072
037 _cGeneral Book
040 _aRTL
_cRTL
_beng
041 _2eng
_aeng
082 _aW81.3.K9, M0
100 _aBrockway Fenner
_9106356
245 0 _aBritain's first socialists
_b The levellers, agitato
260 _aLondon
_bQuartet Books
_c1980
300 _axi, 168p
_ccm.
500 _aBibliography: P 153-60
650 _aRevolution
_9230303
942 _hW81.3.K9, M0
_cGB
_2CC
999 _c578112
_d578112